000 005730000a22001810004500
003 MACL
005 20160423132800.0
008 160423b xxu||||| |||| 00| 0 eng d
040 _aMACL
_cMACL
041 _aHindi
082 _a800
100 _aसुधाकर पांडेय
_953581
245 _aमैथिलीशरण गुप्‍त शती स्‍मृति ग्रंथ
260 _bनागरीप्रचारिणी सभा
_aकाशी
350 _a100
650 _aLiteracture
_953582
942 _cHIN
_k800/MAI/L
_2ddc
999 _c20543
_d20543